|
|
|
|
| LEADER |
00000nam2a2200000 4500 |
| 001 |
180727 |
| 005 |
20231101223553.0 |
| 035 |
|
|
|a (RuTPU)RU\TPU\book\195923
|
| 035 |
|
|
|a RU\TPU\book\195371
|
| 090 |
|
|
|a 180727
|
| 100 |
|
|
|a 20100525d1914 k y0rusy50 ca
|
| 101 |
0 |
|
|a rus
|
| 102 |
|
|
|a RU
|
| 105 |
|
|
|a a z 000zy
|
| 200 |
0 |
|
|a Т. 35, № 3
|
| 210 |
|
|
|c Типо-литография Сибирского Т-ва Печатного Дела
|d 1914-1915
|
| 215 |
|
|
|a [6], 36, [2], 6, 9, [7], 136 с.
|c черт., табл., ил.
|
| 300 |
|
|
|a Раздельная пагинация страниц
|
| 300 |
|
|
|a Текст в русской дореформенной орфографии
|
| 461 |
|
1 |
|0 (RuTPU)RU\TPU\book\165999
|t Известия Томского Технологического Института [Известия ТТИ]
|f Томский технологический институт (ТТИ)
|v Т. 35, № 3
|d 1903-1925
|
| 601 |
0 |
2 |
|a Томский технологический институт (ТТИ)
|c (1896-1923)
|2 stltpush
|3 (RuTPU)RU\TPU\col\9244
|
| 606 |
1 |
|
|a Деревообработка
|2 stltpush
|3 (RuTPU)RU\TPU\subj\9102
|9 36385
|
| 606 |
1 |
|
|a Матрицы и определители
|2 stltpush
|3 (RuTPU)RU\TPU\subj\51482
|9 70075
|
| 610 |
1 |
|
|a технические вузы
|
| 610 |
1 |
|
|a Сибирь
|
| 610 |
1 |
|
|a Томск
|
| 610 |
1 |
|
|a научные исследования
|
| 610 |
1 |
|
|a строительные материалы
|
| 610 |
1 |
|
|a прочность
|
| 610 |
1 |
|
|a сопротивление
|
| 610 |
1 |
|
|a скалывание
|
| 610 |
1 |
|
|a родственные определители
|
| 610 |
1 |
|
|a свойства
|
| 610 |
1 |
|
|a матрицы
|
| 610 |
1 |
|
|a труды учёных ТПУ
|
| 610 |
1 |
|
|a коллекция ТПУ
|
| 675 |
|
|
|a 694
|v 3
|
| 675 |
|
|
|a 674.02
|v 3
|
| 675 |
|
|
|a 512.64
|v 3
|
| 801 |
|
1 |
|a RU
|b 63413507
|c 20090209
|g PSBO
|
| 801 |
|
2 |
|a RU
|b 63413507
|c 20190621
|g PSBO
|
| 942 |
|
|
|c BK
|